Prepararsi al matrimonio (Record n. 357924)
[ formato base ]
| 000 -LEADER | |
|---|---|
| campo di controllo lung. fissa | 01102nam a22002057a 4500 |
| 003 - Identificatore del numero di controllo | |
| campo di controllo | IT-MiCISF |
| 005 - Data e orario dell'ultima transazione | |
| campo di controllo | 20180704174027.0 |
| 008 - Elementi di lunghezza fissa--Informazione generale | |
| campo di controllo lung. fissa | 180704b ||||| |||| 00| 0 eng d |
| 040 ## - Fonte della catalogazione | |
| Agenzia che fa la trascrizione | IT-MiCISF |
| 041 ## - Codice di lingua | |
| Codice di lingua del testo/traccia sonora o titolo separato | it |
| 100 ## - Accesso principale -- nome di persona | |
| Nome di persona | Cattaneo Arturo |
| 9 (RLIN) | 57280 |
| 245 ## - Formulazione del titolo | |
| Titolo | Prepararsi al matrimonio |
| Complemento del titolo | Guidati da Papa Francesco |
| 260 ## - Pubblicazione, distribuzione, ecc. (stampa) | |
| Luogo di pubblicazione, distribuzione, ecc. | Torino |
| Nome dell'editore, distributore, ecc. | Elledici |
| Data di pubblicazione, distribuzione, ecc. | 2018 |
| 300 ## - Descrizione fisica | |
| Estensione | pp. 56 |
| 500 ## - Nota generale | |
| Nota generale | matrimonio, preparazione-al-matrimonio, matrimonio-sacramento |
| 520 ## - Riassunto, ecc. | |
| Nota di riassunto, ecc. | L'amore da solo basta per sposarsi? Questa piccola guida propone un percorso volto a superare egoismi e instabilità, per alimentare radici profonde su cui fondare una nuova casa. Il testo è basato sugli insegnamenti di papa Francesco contenuti nell'esortazione "Amoris laetitia" e offre materiali e spunti suggestivi per sei incontri di preparazione: "Che significa sposarsi?", "Costruire su un fondamento solido", "Sviluppare radici profonde", "Come affrontare e superare le crisi", "Un progetto da portare avanti insieme" e "Perché in chiesa?". |
| 650 ## - Accesso aggiunto di soggetto--termine topico | |
| Termine topico o nome geografico come accesso | matrimonio |
| 9 (RLIN) | 56048 |
| 654 ## - Accesso aggiunto di soggetto--termini topici faccettati | |
| Termine principale | sussidio |
| 942 ## - Dati aggiuntivi (Koha) | |
| Fonte della classificazione o dello schema di collocazione (segnatura) | Dewey Decimal Classification |
| Tipo copia default (Koha) | LIBRO |
| Ritirato (status) | Perso (status) | Fonte della classificazione o dello schema di collocazione (segnatura) | Danneggiato (status) | Non per il presito | Biblioteca proprietaria | Biblioteca in cui si trova | Data d'acquisizione | Totale prestiti | Collocazione | Codice a barre | Data ultima operazione | Prezzo in vigore dal | Tipo copia default (Koha) |
|---|---|---|---|---|---|---|---|---|---|---|---|---|---|
| Dewey Decimal Classification | Buone Condizioni | Not For Loan | CISF - Milano | CISF - Milano | 04/07/2018 | b7476 | 9788801064025 | 04/07/2018 | 04/07/2018 | LIBRO |